The wild side : Angry animals

Saved in:
Bibliographic Details
Main Author: Billings, Henry
Format: Book
Language:Undetermined
Published: Lincolwood, Ill. Jamestown 1996
Subjects:
Tags: Add Tag
No Tags, Be the first to tag this record!
Institutions: Trung tâm Học liệu Trường Đại học Cần Thơ
LEADER 00558nam a2200205Ia 4500
001 CTU_109889
008 210402s9999 xx 000 0 und d
082 |a 428.64 
082 |b B598 
100 |a Billings, Henry 
245 4 |a The wild side : 
245 0 |b Angry animals 
245 0 |c Henry Billings, Melissa Billings 
260 |a Lincolwood, Ill. 
260 |b Jamestown 
260 |c 1996 
650 |a English language,Readers 
650 |x Study and teaching 
904 |i Minh, Q. Hieu 
980 |a Trung tâm Học liệu Trường Đại học Cần Thơ